Sporcle Pursuit: Literature Quiz Stats

 Plays Quiz not verified by Sporcle

Score 0/16 Timer 10:00
3 Plays Today
% Correct
Antony and Cleopatra, Coriolanus, Cymbeline,
Hamlet, Julius Caesar, King Lear, Macbeth,
Othello, Romeo and Juliet, Timon of Athens,
Titus Andronicus, Troilus and Cressida
95.3%
Charlotte, Emily, & Anne Brontë
92.8%
Gryffindor, Ravenclaw, Hufflepuff, & Slytherin
89.9%
Margaret (Meg), Josephine (Jo),
Elizabeth (Beth), & Amy March
85.1%
Denmark
82.5%
Athos, Porthos, & Aramis
70.9%
Napoleon, Snowball, Boxer, Squealer, Old Major,
Clover, Moses, Mollie, Benjamin, Muriel, Mr. Jones,
Mr. Frederick, Mr. Pilkington, Mr. Whymper, Jessie,
Bluebell, & Minimus
64.9%
Clive Staples Lewis & John Ronald Reuel Tolkien
64.6%
% Correct
1840s (1845)
62.1%
A Florentine Tragedy; A Woman of No
Importance; An Ideal Husband; La Sainte
Courtisane; Lady Windermere’s Fan; Salomé;
The Duchess of Padua; The Importance of
Being Earnest; Vera, or the Nihilists
56.2%
Roald Dahl
53.5%
And To Think That I Saw It On Mulberry Street
(1937), The 500 Hats Of Bartholomew Cubbins
(’38), The King's Stilts (’39), Horton Hatches
the Egg (’40), McElligot's Pool (’47), Thidwick
The Big-Hearted Moose (’48), Bartholomew
And The Oobleck (’49)
22.2%
Vidiadhar Surajprasad Naipaul (2001), Imre
Kertész (2002), John M. Coetzee (2003), Elfriede
Jelinek (2004), Harold Pinter (2005), Orhan
Pamuk (2006), Doris Lessing (2007), Jean-Marie
Gustave Le Clézio (2008), Herta Müller (2009),
Mario Vargas Llosa (2010)
21.7%
Some say the world will end in fire,
Some say in ice.
From what I’ve tasted of desire
I hold with those who favor fire.
But if it had to perish twice,
I think I know enough of hate
To say that for destruction ice
Is also great
And would suffice.
21.2%
Jean-Paul Sartre (1964), Boris Pasternak
(1958, coerced by the Soviet Union),
Aleksandr Solzhenitsyn (1970, before
being exiled by the Soviet Union)
19.8%
Philippines
13.9%

You're not logged in!

Compare scores with friends on all Sporcle quizzes.
OR
Log In

You Might Also Like...

Show Comments

Extras

Top Quizzes Today


Score Distribution

Your Account Isn't Verified!

In order to create a playlist on Sporcle, you need to verify the email address you used during registration. Go to your Sporcle Settings to finish the process.

Report this User

Report this user for behavior that violates our Community Guidelines.

Details: